000 00585nam a2200241Ia 4500
003 OSt
005 20221005115448.0
006 a|||||r|||| 00| 0
007 ta
008 221004b |||||||| |||| 00| 0 mal d
024 _a53043
037 _cTextual
040 _aCRL
_cCRL
_bmal
041 _2mal
_amal
082 _aDelta28y7M54, 32J3
100 _aNarayana Guru
245 0 _aCharithano
260 _c1953
300 _a46
_ccm.
650 _aMYSTICISM
942 _hDelta28y7M54, 32J3
_cTEXL
_2cc
999 _c1034922
_d1034922